000
00279cam a22000977a 4500
008
180718b1967 xxu||||| |||| 00| 0 eng d
082
_a
I513 x541 A24
245
_a
O. & M. Hand - book
_c
By Govt.of Andhra Pradesh
260
_a
Hyderabad
_b
Govt.of Andhra Pradesh
_c
1967
300
_a
78p.
999
_c
416660
_d
416660